Fausta porazila presila slov

Bibliographic Details
Main Author: Dlouhý, Oleg, 1951-2014 (Author)
Format: Article
Language:Slovak
PhysicalDescription:Fotogr.
ISSN:1335-440X
Subjects:

MARC

LEADER 00000nab a2200000 a 4500
001 vtls008932712
003 SK-MaSNL
005 20260303193914.0
008 140512c20061206xo dr|p|||||||000 b|slo
015 |a SNBRB2007/01  |2 snkbucl 
038 |a SNKBUCL 
040 |a SNKBUCL  |b slo  |c SNKBUCL  |e AACR2 
041 0 |a slo 
044 |a xo  |c SK 
080 |a 792.2  |2 2001 
100 1 |a Dlouhý, Oleg,  |d 1951-2014  |4 aut  |9 103456 
245 1 0 |a Fausta porazila presila slov  |c Oleg Dlouhý 
300 |b Fotogr. 
600 1 7 |a Masníková, Tatiana  |t Mefisto, Faust, či Wagner?  |2 snkbucl  |9 1225600 
610 2 7 |a Divadlo Actores Rožňava  |2 snkbucl  |9 58587 
651 7 |a Rožňava (Slovensko)  |2 snkbucl  |9 17394 
655 7 |a recenzie  |2 snkbucl  |9 21907 
773 0 |t Sme. Práca  |g Roč. 15, č. 280 (6.12.2006)  |x 1335-440X 
773 0 8 |t Kultúra  |g (6.12.2006), s. 22 
852 |a SNK  |b KIS3GCP 
999 |c 2154633  |d 2156563